|
|
|
|
| LEADER |
00822nab a2200229 i 4500 |
| 001 |
misc65337 |
| 005 |
20231017140002.0 |
| 008 |
230809s1966 hu o 0|| ger d |
| 040 |
|
|
|a SZTE Miscellanea Repozitórium
|b hun
|
| 041 |
|
|
|a ger
|
| 100 |
1 |
|
|a Zieme Peter
|
| 245 |
1 |
0 |
|a Beiträge zur Erforschung des Xvāstvānīft
|h [elektronikus dokumentum] /
|c Zieme Peter
|
| 260 |
|
|
|a Akademie-Verlag
|b Berlin
|c 1966
|
| 300 |
|
|
|a 351-378
|c 24 cm
|
| 300 |
|
|
|a [28] p.
|c 24 cm
|
| 490 |
0 |
|
|a Mitteilungen des Instituts für Orientforschung
|
| 561 |
|
|
|a Németh Gyula hagyaték
|
| 591 |
|
|
|a NOA 6549; LOA 4224
|
| 650 |
|
4 |
|a Bölcsészettudományok
|
| 650 |
|
4 |
|a Nyelvek és irodalom
|
| 695 |
|
|
|a Manicheizmus - török irodalom, Nyelvemlék - török
|
| 856 |
4 |
0 |
|u http://misc.bibl.u-szeged.hu/65337/1/6549_noa.pdf
|z Dokumentum-elérés
|